<?xml version="1.0" encoding="UTF-8"?><?xml-stylesheet type="text/xsl" href="static/style.xsl"?><OAI-PMH xmlns="http://www.openarchives.org/OAI/2.0/" xmlns:xsi="http://www.w3.org/2001/XMLSchema-instance" xsi:schemaLocation="http://www.openarchives.org/OAI/2.0/ http://www.openarchives.org/OAI/2.0/OAI-PMH.xsd"><responseDate>2026-04-17T11:58:38Z</responseDate><request verb="GetRecord" identifier="oai:www.recercat.cat:2072/533101" metadataPrefix="marc">https://recercat.cat/oai/request</request><GetRecord><record><header><identifier>oai:recercat.cat:2072/533101</identifier><datestamp>2025-03-18T15:32:43Z</datestamp><setSpec>com_2072_220028</setSpec><setSpec>com_2072_4427</setSpec><setSpec>col_2072_220405</setSpec></header><metadata><record xmlns="http://www.loc.gov/MARC21/slim" xmlns:dcterms="http://purl.org/dc/terms/" xmlns:xsi="http://www.w3.org/2001/XMLSchema-instance" xmlns:doc="http://www.lyncode.com/xoai" xsi:schemaLocation="http://www.loc.gov/MARC21/slim http://www.loc.gov/standards/marcxml/schema/MARC21slim.xsd">
   <leader>00925njm 22002777a 4500</leader>
   <datafield ind2=" " ind1=" " tag="042">
      <subfield code="a">dc</subfield>
   </datafield>
   <datafield ind2=" " ind1=" " tag="720">
      <subfield code="a">Livarda, Alexandra</subfield>
      <subfield code="e">author</subfield>
   </datafield>
   <datafield ind2=" " ind1=" " tag="260">
      <subfield code="c">2010-11-04</subfield>
   </datafield>
   <datafield ind2=" " ind1=" " tag="520">
      <subfield code="a">This research investigates the introduction and trade of numerous exotic food plants across northwestern Europe during the Roman and medieval periods. Data were collected from all available archaeobotanical records on taxa that cannot grow in the study area or which require considerable efforts for their cultivation, together with relevant archaeological information (date, site type, context, status) to put the results in context. The results showed that many true imports were completely absent from archaeological contexts. This was due to a variety of reasons, such as poor preservation and limited access according to economic and/or cultural factors. A number of other exotic spices, fruits, vegetables, nuts and cereals, however, were identified in the study area and period. Analysis of their social, spatial and temporal occurrence indicated that different groups of people had access to these exotics and were responsible for their dispersal in different periods, but despite their fluctuating fortunes, their use remained generally exclusive. This study of exotic food plant imports highlights their value in understanding socio-economic impacts and changes in past societies.</subfield>
   </datafield>
   <datafield ind1="8" ind2=" " tag="024">
      <subfield code="a">1617-6278</subfield>
   </datafield>
   <datafield ind1="8" ind2=" " tag="024">
      <subfield code="a">http://hdl.handle.net/2072/533101</subfield>
   </datafield>
   <datafield ind1="8" ind2=" " tag="024">
      <subfield code="a">https://doi.org/10.1007/s00334-010-0273-z</subfield>
   </datafield>
   <datafield ind2="0" ind1="0" tag="245">
      <subfield code="a">Spicing up life in northwestern Europe: exotic food plant imports in the Roman and medieval world</subfield>
   </datafield>
</record></metadata></record></GetRecord></OAI-PMH>